| 000 | 01196nam a22002297a 4500 | ||
|---|---|---|---|
| 005 | 20100319094942.0 | ||
| 008 | 100319t xxu||||| |||| 00| 0 hin d | ||
| 010 | _aHIN-89159 | ||
| 020 |
_c200.00 _a9788190649360 |
||
| 035 | _aHN-61505 | ||
| 037 | _bDBAD / PUB | ||
| 040 |
_aDPL _bHN |
||
| 082 | _a822.08 | ||
| 100 |
_aपठाण, जयनुल्लाखान _916052 |
||
| 245 |
_aहरिकृष्ण 'प्रेमी' के नाटकों में मुस्लिम पात्रों का चरित्र-चित्रण / _cजयनुल्लाखान पठाण |
||
| 246 |
_aHarikrishan ' premi' ke natakon me muslim patron ka Charitra Chitran _bby Jainullakhan Pathan |
||
| 260 |
_aकानपुर _bसाहित्य सागर _c2009 |
||
| 270 |
_a128/23, आर, रवीन्द्र नगर, यशोदा नगर _bकानपुर _e208011 _k9450766327 |
||
| 300 |
_a120पृ _c22सेमी (सजिल्द) |
||
| 942 |
_2ddc _cHN _mपठाण |
||
| 999 |
_c34765 _d34765 |
||